Migraciones globales y reterritorialización de los espacios locales: una aproximación tridimensional /
Guardado en:
| 主要作者: | |
|---|---|
| 格式: | Texto |
| 標簽: |
添加標簽
沒有標簽, 成為第一個標記此記錄!
|
MARC
| LEADER | 00000 a a2200000 04500 | ||
|---|---|---|---|
| 001 | 45634 | ||
| 003 | |||
| 040 | |||
| 100 | |a Entrena-Durán, Francisco | ||
| 245 | |a Migraciones globales y reterritorialización de los espacios locales: |b una aproximación tridimensional / |c Francisco Entrena-Durán | ||
| 500 | |a fentrena@ugr.es | ||
| 773 | |g volumen18, número72 (2012), páginas 9-38 | ||
| 999 | |c 18325 |d 18325 | ||
